=LDR 00000nam 2200000 4500 =001 INLIS000000000049952 =005 20170413082438.0 =006 =007 =008 =020 ##$$a 978-602-9276-98-5 =035 ##$$0010-041700000000142 =040 ##$$a NBPDMAT =082 ##$$a 297.81 =090 ##$$a 297.81 $bAbd p =100 ##$$a Abdul Aziz Sukarnawadi =245 ##$$a Perisai ke-Aswaja-an Nahdlatul Wathan $b : Membedah 17 literatur Anti Wahabi Rekomendasi Pendiri NW $c / H. Abdul Aziz Sukarnawadi, MA. =250 ##$$a Cet. 1 =260 ##$$a Yogyakarta $b Samudra Biru $c 2016 =300 ##$$a xxii, 125 hlm. : $b ilus. ; $c 18 cm =500 ##$$a Bibliografi hlm : 117 - 120 =500 ##$$a Biografi hlm : 121 - 125 =650 ##$$a Ahlussunnah Waljama'ah =850 ##$$a NBPDMAT =990 ##$$a 21605325 =990 ##$$a 21605326 =990 ##$$a 21605327 =990 ##$$a 21605328 =990 ##$$a 21605329 =990 ##$$a 02/46/2020 =990 ##$$a 21605326 =990 ##$$a 21605327 =990 ##$$a 21605328 =990 ##$$a 21605329 =990 ##$$a 02/46/2020 =990 ##$$a 02/46/2020 =990 ##$$a 21605326 =990 ##$$a 21605328 =990 ##$$a 21605329 =990 ##$$a 02/46/2020 =990 ##$$a 02/46/2020 =990 ##$$a 21605326 =990 ##$$a 02/46/2020 =990 ##$$a 21605329 =990 ##$$a 02/46/2020 =990 ##$$a 02/46/2020 =990 ##$$a 21605326 =990 ##$$a 02/46/2020 =990 ##$$a 02/46/2020